| 000 | 00380nam a22001577a 4500 | ||
|---|---|---|---|
| 999 |
_c8976 _d8976 |
||
| 003 | OSt | ||
| 008 | 200714b ||||| |||| 00| 0 eng d | ||
| 082 | _a541LAT | ||
| 100 | _aLahiri , Jyotirmay | ||
| 245 | _aText book of Physical Chemistry | ||
| 250 | _a2019 | ||
| 260 |
_aNew Delhi _bMed Tech |
||
| 300 | _aPg-135 | ||
| 650 | _aPharmaceutical Organic Chemisty | ||
| 942 |
_2ddc _cBK |
||